中国历史上的重要地点 1931-1950 Important places in China history - Statistics

General Stats
  • This quiz has been taken 144 times
  • The average score is 9 of 20
Answer Stats
年份 提示 地区 % Correct
1931 日本发动九·一八事变 沈阳
97%
1936 张学良、杨虎城扣留蒋介石 西安
82%
1949 中华人民共和国开国大典 北京
73%
1938 李宗仁等人指挥的台儿庄战役取得胜利 枣庄/徐州
72%
1939 日军对中国一座主要城市进行长期无差别轰炸 重庆
70%
1932 “一·二八”事变(“一·二八”抗战)爆发 上海
64%
1937 八路军一一五师伏击日军,取得平型关大捷 忻州/大同
45%
1950 解放西藏过程中消灭藏军主力的战役 昌都
43%
1933 宋哲元第二十九军与日军在喜峰口血战 承德/唐山
39%
1946 国民党军占领晋察冀解放区首府 张家口
33%
1941 美国志愿援华航空队(飞虎队)成立,初战告捷 昆明
32%
1935 中央红军主力从泸定桥上越过天险大渡河 甘孜
30%
1943 正面湖南战场中的重大战役,被誉为东方斯大林格勒保卫战 常德
29%
1948 为保障攻克锦州,东北野战军四纵打响塔山阻击战 葫芦岛
28%
1947 孟良崮战役中,国民党74师被歼灭 临沂
24%
1944 正面交战时间最长的城市攻防战,国军以少战多重创日军 衡阳
23%
1945 芷江受降标志着日本侵华战争结束 怀化
22%
1942 中国远征军跨出国门,赴缅作战 保山
20%
1940 枣宜会战中,国民党第33集团军总司令张自忠殉国 襄阳
18%
1934 长征突破湘江封锁线时,人员损失过半 桂林
9%
No matching quizzes found
Score Distribution
Percent of People with Each Score
Percentile by Number Answered
Your Score History
You have not taken this quiz